Hodnotenie konkurencieschopnosti Slovenska a Česka v kontexte priemyslu 4.0

Konkurencieschopnosť krajín ako významný faktor ovplyvňujúci výkonnosť ekonomiky. Hodnotenie konkurencieschopnosti na území Slovenska a Česka. Metódy a ukazovatele používané na hodnotenie konkurencieschopnosti krajiny. Index globálnej konkurencieschopnosti.

Enregistré dans:
Détails bibliographiques
Auteur principal: Kalusová, Lenka, 1987-
Autres auteurs: Badura, Peter, 1978-
Format: Chapitre de livre
Langue:slovaque
Sujets:
Tags: Ajouter un tag
Pas de tags, Soyez le premier à ajouter un tag!

MARC

LEADER 00000naa$a2200000$$$4500
001 0278973
005 20240502083846.7
041 0 |a slo 
044 |a CZ 
245 1 0 |a Hodnotenie konkurencieschopnosti Slovenska a Česka v kontexte priemyslu 4.0  |c Lenka Kalusová, Peter Badura 
520 |a Konkurencieschopnosť krajín ako významný faktor ovplyvňujúci výkonnosť ekonomiky. Hodnotenie konkurencieschopnosti na území Slovenska a Česka. Metódy a ukazovatele používané na hodnotenie konkurencieschopnosti krajiny. Index globálnej konkurencieschopnosti. 
610 2 0 |a výkonnosť ekonomiky 
610 2 0 |a konkurencieschopnosť 
610 2 0 |a Slovensko 
610 2 0 |a Česko 
610 2 0 |a index globálnej konkurencieschopnosti 
100 1 |a Kalusová, Lenka, 1987- 
700 1 |a Badura, Peter, 1978-